000 00391nam a2200145 4500
001 107575
003 ES-MaACL
005 20230906184441.0
007 t|
008 061121s1934 sp r ||||1| spa d
100 1 _aMoreira, Joan.
_983222
245 1 0 _aDel folklore tortosí /
_cJoan Moreira.
260 _aTortosa :
_b[s.n.],
_c1934 (
_fImp. Querol)
852 _aES-MaACL
_jC-19641
_bR.47307
999 _c107575
_d107575